000 00693nam a2200289Ia 4500
005 20260324120419.0
008 008 260324s9999 xx 000 0 eng d
020 _a9781315419619
037 _aEBOOK
040 _aCRL
040 _beng
040 _cCRL
041 _2eng
041 _aeng
084 _qCRL
100 _aAnna Källén
_91158474
245 0 _aStones Standing
245 0 _bArchaeology, Colonialism, and Ecotourism in Northern Laos
260 _bTaylor and Francis
260 _c2015
365 _a
365 _b62.99
856 _uhttp://www.taylorfrancis.com/books/9781315419619
942 _cEBOOK
999 _c1749995
_d1749995